| 000 | 02532cam a22003134a 4500 | ||
|---|---|---|---|
| 005 | 20260322212043.0 | ||
| 008 | data | ||
| 010 | _a 2004005764 | ||
| 020 | _a0471269115 (cloth : alk. paper) | ||
| 020 | _a9780471269113 (cloth : alk. paper) | ||
| 040 |
_aDLC _cDLC _dDLC |
||
| 042 | _apcc | ||
| 050 | 0 | 0 |
_aRC81 _b.A543 2004 |
| 082 | 0 | 0 |
_a613 _222 |
| 092 | _a613 A543 2004 | ||
| 245 | 1 | 0 |
_aAmerican Medical Association family medical guide / _cAmerican Medical Association. |
| 246 | 3 | 0 | _aFamily medical guide |
| 250 | _a4th ed., completely rev. and updated. | ||
| 260 |
_aHoboken, N.J. : _bJohn Wiley & Sons, _cc2004. |
||
| 300 |
_axiv, 1184 p. : _bill. (some col.) ; _c24 cm. |
||
| 500 | _aIncludes index. | ||
| 505 | 0 | _aWhat you should know: information to keep your healthy -- Staying healthy -- Diet and health -- Exercise, fitness, and health -- A healthy weight -- Reducing stress -- Staying safe -- Preventing violence -- Preventive health care (includes a 32-page 4-color section-regular checkups, self-exams, atlas of the body, dermatology photos, common screening and diagnostic tests (including 4-color imaging scans) -- Complementary and alternative medicine -- First aid and caregiving -- First aid -- Home caregiving -- What are your symptoms? -- Symptoms charts -- Health issues throughout life -- Children's health -- Adolescent health -- Sexuality -- Infertility -- Pregnancy and childbirth -- Dying and death -- Diseases, disorders, and other problems -- Disorders of the heart and circulation -- Blood disorders -- Disorders of the respiratory system -- Disorders of the brain and nervous system -- Behavioral, emotional, and mental disorders -- Disorders of the digestive system -- Disorders of the urinary tract -- Disorders of the male reproductive system -- Disorders of the female reproductive system and urinary tract -- Hormonal disorders -- Disorders of the immune system -- Infections and infestations -- Genetic disorders -- Disorders of the bones, muscles, and joints -- Disorders of the ear -- Eye disorders -- Disorders of the skin, hair, and nails -- Cosmetic surgery -- Teeth and gums. | |
| 650 | 0 | _aMedicine, Popular. | |
| 720 | 2 | _aAmerican Medical Association. | |
| 856 | 4 | 1 |
_3Table of contents only _uhttp://www.loc.gov/catdir/toc/wiley041/2004005764.html |
| 856 | 4 | 2 |
_3Publisher description _uhttp://www.loc.gov/catdir/description/wiley041/2004005764.html |
| 856 | 4 | 2 |
_3Contributor biographical information _uhttp://www.loc.gov/catdir/enhancements/fy0616/2004005764-b.html |
| 001 | data | ||
| 999 |
_c1017 _d1017 |
||